Русский язык и культура речи: учебное пособие

Detalles Bibliográficos
Autor Principal: Изюмская С. С. Светлана Сергеевна
Outros autores: Малычева Н. В. (редактор)
Summary:Учебное пособие написано в соответствии с Государственным образовательным стандартом и включает пять основных модулей дисциплины «Русский язык и культура речи" (Основы культуры речи. Акцентологическая и орфоэпическая нормы», «Лексическая норма», «Грамматическая норма», «Функциональные стили современного русского литературного языка», «Устная речь»). Изучение материала пособия поможет повышению грамотности, коммуникативной компетенции студентов. Для студентов нефилологических вузов.
Idioma:ruso
Publicado: Москва, Дашков и К, 2011
Subjects:
Formato: Libro
KOHA link:https://koha.lib.tpu.ru/cgi-bin/koha/opac-detail.pl?biblionumber=190791

MARC

LEADER 00000nam0a2200000 4500
001 190791
005 20231101224315.0
010 |a 9785394007224 
035 |a (RuTPU)RU\TPU\book\208007 
090 |a 190791 
100 |a 20110128d2011 m y0rusy50 ca 
101 0 |a rus 
102 |a RU 
105 |a y j 001zy 
200 1 |a Русский язык и культура речи  |e учебное пособие  |f С. С. Изюмская  |g под ред. Н. В. Малычевой 
210 |a Москва  |c Дашков и К  |c Академцентр  |d 2011 
215 |a 384 с. 
320 |a Библиогр.: с. 377-380. 
330 |a Учебное пособие написано в соответствии с Государственным образовательным стандартом и включает пять основных модулей дисциплины «Русский язык и культура речи" (Основы культуры речи. Акцентологическая и орфоэпическая нормы», «Лексическая норма», «Грамматическая норма», «Функциональные стили современного русского литературного языка», «Устная речь»). Изучение материала пособия поможет повышению грамотности, коммуникативной компетенции студентов. Для студентов нефилологических вузов. 
606 1 |a Русский язык  |x Учебные руководства и пособия для высшей школы  |2 stltpush  |3 (RuTPU)RU\TPU\subj\26398  |9 50338 
606 1 |a Русский язык  |x Стилистика, перевод, культура речи  |2 stltpush  |3 (RuTPU)RU\TPU\subj\26396  |9 50336 
610 1 |a лексика 
610 1 |a речь 
610 1 |a литературный язык 
610 1 |a орфоэпические нормы 
610 1 |a лексические нормы 
610 1 |a грамматические нормы 
610 1 |a стили 
610 1 |a устная речь 
610 1 |a ударение 
610 1 |a тесты 
686 |a Ш141.2-923  |v LBC/SL-A  |2 rubbk 
686 |a Ш141.2-7  |v LBC/SL-A  |2 rubbk 
700 1 |a Изюмская  |b С. С.  |g Светлана Сергеевна 
702 1 |a Малычева  |b Н. В.  |4 340 
801 1 |a RU  |b 63413507  |c 20110128 
801 2 |a RU  |b 63413507  |c 20120516  |g RCR 
900 |a Русский язык и культура речи 
942 |c BK 
955 |l 8 
959 |a 15/20110128  |d 1  |e 220,00  |f ЧЗИЛ:1